| 000 | 00708cam a22002411 4500 | ||
|---|---|---|---|
| 001 | sa 68008256 | ||
| 003 | DLC | ||
| 005 | 20260227112530.0 | ||
| 008 | 740207s1967 xx 000 0 ind | ||
| 010 | _asa 68008256 | ||
| 035 | _a(OCoLC)792567 | ||
| 040 |
_aDLC _cOAU _dDLC |
||
| 042 | _apremarc | ||
| 050 | 0 | 0 |
_aPJ6095 _b.J3 |
| 100 | 1 | _aJahja, Husein. | |
| 245 | 1 | 0 |
_aBahasa dan sastera Arab, _bdalam lintasan sedjarah. |
| 260 |
_a[Jogjakarta? _c1967] |
||
| 300 |
_a 31 p. _c33 cm. |
||
| 500 | _aCover title. | ||
| 500 | _a"Diutjapkan pada dies natalis ke VII I. A. I. N., Sunan Kalidjaga, tgl. 10 Djuni 1967, di Jogjakarta." | ||
| 504 | _aBibliographical footnotes. | ||
| 650 | 0 | _aArabic language. | |
| 999 |
_c82329 _d82329 |
||